000 00658nam a22002297a 4500
005 20241207111451.0
008 241207b ||||| |||| 00| 0 eng d
020 _a9789388918701
040 _cAL
041 _aeng
082 _223
_a346.0166
_bMULL
100 _aMulla
_9188617
245 _aLaw of Maintenance
260 _aDelhi
_bDelhi Law House
_c2023
300 _acxxii,1124p.
_bHB
_c25x17cm.
365 _2Law
_a1060
_b2040.35
_c
_d2795.00
_e27%
650 _aProtection of Women
_9188609
650 _aHindu Adoptions and Maintenance Act 1956
_9188610
700 _aMULLA
_9188611
700 _aDESHMUKH (Pratap S)
_9188612
942 _2ddc
_cREF
999 _c232273
_d232273